Quick Pick: Television 'B' Shows Quiz Stats

 Plays Quiz Updated Feb 17, 2018

Challenge
Share
Tweet
Embed
Score 0/10 Timer 01:00
6 Plays Today
% Correct
Baywatch
97.4%
Bewitched
95.8%
Breaking Bad
94.8%
Boy Meets World
94.6%
The Big Bang Theory
94.6%
Burn Notice
86.6%
The Bold and the Beautiful
84.2%
Beat the Clock
78.8%
Better Off Ted
71.1%
Blue Bloods
55.1%

Today's Daily Dose

You're not logged in!

Compare scores with friends on all Sporcle quizzes.
OR
Log In

You Might Also Like...

Show Comments

Extras

Top Quizzes Today


Score Distribution

Your Account Isn't Verified!

In order to create a playlist on Sporcle, you need to verify the email address you used during registration. Go to your Sporcle Settings to finish the process.

Report this User

Report this user for behavior that violates our Community Guidelines.

Details: